Movies Quiz

Random Movies or Role Quiz
Score 0/40 Timer 08:00
1 Play Today
% Correct
Pirates of the Caribbean: The Curse of the Black Pearl
95.5%
Charlie's Angels: Full Throttle
94.3%
The Lord of the Rings: The Return of the King
93.3%
Bruce Almighty
92.9%
The Matrix Reloaded
92.7%
Finding Nemo
92.1%
The School of Rock
91.8%
Freaky Friday
91.4%
Terminator 3: Rise of the Machines
90.1%
2 Fast 2 Furious
90%
Lara Croft Tomb Raider: The Cradle of Life
89.9%
Shanghai Knights
89.6%
Cheaper by the Dozen
89.3%
Legally Blonde 2: Red, White & Blonde
89.2%
Bad Boys II
88.8%
Anger Management
88.1%
Kill Bill: Vol. 1
88%
The Last Samurai
87%
How to Lose a Guy in 10 Days
86.3%
American Wedding
86%
% Correct
Elf
86%
Lost in Translation
83.6%
X2
83.4%
Once Upon a Time in Mexico
83%
Daredevil
82.9%
The League of Extraordinary Gentlemen
82.4%
Dr. Seuss' The Cat in the Hat
81.9%
Bad Santa
81.8%
Mona Lisa Smile
81.8%
Master and Commander: The Far Side of the World
80.9%
Old School
80.3%
Seabiscuit
78.8%
Scary Movie 3
78.4%
The Italian Job
77.7%
Something's Gotta Give
76.6%
Monster
75.9%
Mystic River
75.4%
Cold Mountain
75.4%
Hulk
74.5%
Underworld
73.7%
Remove Ads.
Support Sporcle.
Get the best of Sporcle when you Go Orange. This ad-free experience offers more features, more stats, and more fun while also helping to support Sporcle. Thank you for becoming a member.

You're not logged in!

Compare scores with friends on all Sporcle quizzes.
OR
Log In

Show Comments

Extras

Top Quizzes Today


Score Distribution

Your Account Isn't Verified!

In order to create a playlist on Sporcle, you need to verify the email address you used during registration. Go to your Sporcle Settings to finish the process.

Report this User

Report this user for behavior that violates our Community Guidelines.

Details: